|
|
|
|
| LEADER |
00658nab a2200193 i 4500 |
| 001 |
tisza3799 |
| 005 |
20200330123558.0 |
| 008 |
170313s1965 hu o 0|| hun d |
| 022 |
|
|
|a 0133-1167
|
| 040 |
|
|
|a SZTE Tiszatáj Archívum
|b hun
|
| 041 |
|
|
|a hun
|
| 100 |
1 |
|
|a Dömötör János
|
| 245 |
1 |
0 |
|a Vásárhelyi művészportrék
|h [elektronikus dokumentum] :
|b Kohán György /
|c Dömötör János
|
| 260 |
|
|
|c 1965
|
| 300 |
|
|
|a 625-628
|
| 490 |
0 |
|
|a Tiszatáj
|v 19 No. 8
|
| 695 |
|
|
|a Festészet - magyar - 20. sz., Hódmezővásárhely
|
| 700 |
0 |
1 |
|a Kohán György
|
| 856 |
4 |
0 |
|u http://tiszataj.bibl.u-szeged.hu/3799/1/tiszataj_1965_008_625-628.pdf
|z Dokumentum-elérés
|